000 00599cam a22002053a 4500
001 37268
003 PGUSA
005 20140828083822.0
008 110829s2011||||xxu|||||s|||||000 | eng d
040 _aPGUSA
_beng
042 _adc
100 1 _aRobinson, Solon,
_d1803-1880
245 1 0 _aHot corn :
_bLife Scenes in New York Illustrated
_h[electronic resource] /
_cSolon Robinson
260 _bProject Gutenberg,
_c2011
506 _aPublic domain in the USA.
516 _aElectronic text
830 0 _aProject Gutenberg
_v37268
856 4 0 _uhttp://www.gutenberg.org/ebooks/37268
942 _cEB
999 _c266522
_d266522